La nueva sociología de la educación.

Kaydedildi:
Detaylı Bibliyografya
Yazar: Leonardo, Patricia de (autor)
Materyal Türü: Kitap
Dil:İspanyolca
Seri Bilgileri:(Biblioteca pedagógica ; no. 30)
Konular:
Etiketler: Etiketle
Etiket eklenmemiş, İlk siz ekleyin!

MARC

LEADER 00000cam^a2200000uu^4500
001 000479946
005 20250521000000.0
008 050901s1986^^^^^^^^^^^^rd^r^^000^0^spa^d
009 20260310124950.85
022 |a 9686125205 
035 |a FCE 000022953 
035 |a FCE 004132 
037 |a Acervo ITESO - Biblioteca 
041 |a spa 
082 0 4 |a 082.1  |b SECa 30 
100 |a Leonardo, Patricia de  |e (autor) 
245 1 3 |a La nueva sociología de la educación. 
264 |a México :  |b SEP : El Caballito,  |c 1986. 
300 |a 156 p. 
336 |a texto  |b txt  |2 rdacontenido 
337 |a sin mediación  |b n  |2 rdamedio 
338 |a volumen  |b nc  |2 rdasoporte 
440 0 |a (Biblioteca pedagógica ;  |v no. 30) 
649 |a XX 
650 |a Cultura 
650 |a Sociología de la educación 
650 |a Antología 
650 |a Desfavorecido social 
650 |a Papel de la educación 
910 |a Fondo Centro de Estudios Educativos 
920 |a Impresos - Libros 
930 |a Fondos Especiales 
905 |a 133 
901 |a ALE004132  |b IT2  |c CEE  |u 20250521 
901 |a ALE045410  |b IT2  |c CEE  |u 20250521 
901 |a ALE045411  |b IT2  |c CEE  |u 20250521 
902 |a https://opac.biblio.iteso.mx/vufind/Record/000479946